Statistics for Triangle Flags

Click here to take the quiz!

General Stats

  • This quiz has been taken 32 times
  • The average score is 16 of 18

Answer Stats

Answer% Correct
Czech Republic
97%
South Africa
97%
Bahamas
93%
Cuba
93%
Philippines
93%
Zimbabwe
93%
Comoros
90%
Djibouti
90%
Guyana
90%
Jordan
90%
Kuwait
90%
Mozambique
90%
Sudan
90%
Eritrea
87%
Equatorial Guinea
83%
Vanuatu
83%
São Tomé and Príncipe
80%
Timor-Leste
77%

Score Distribution

Percentile by Number Answered

Percent of People with Each Score

Your Score History

You have not taken this quiz